Langenscheidt Handworker English (Record no. 5951)
[ view plain ]
| 000 -LEADER | |
|---|---|
| fixed length control field | 00225nam a22000857a 4500 |
| 008 - FIXED-LENGTH DATA ELEMENTS--GENERAL INFORMATION | |
| fixed length control field | 170203b xxu||||| |||| 00| 0 eng d |
| 100 ## - MAIN ENTRY--PERSONAL NAME | |
| 9 (RLIN) | 2761 |
| Personal name | Der.H.V. |
| 245 ## - TITLE STATEMENT | |
| Title | Langenscheidt Handworker English |
| 260 ## - PUBLICATION, DISTRIBUTION, ETC. (IMPRINT) | |
| Place of publication, distribution, etc. | New Delhi |
| Name of publisher, distributor, etc. | Goyal |
| Date of publication, distribution, etc. | 2005 |
| Withdrawn status | Lost status | Source of classification or shelving scheme | Damaged status | Koha normalized classification for sorting | Not for loan | Home library | Current library | Shelving location | Date acquired | Total Checkouts | Full call number | Barcode | Date last seen | Price effective from | Koha item type |
|---|---|---|---|---|---|---|---|---|---|---|---|---|---|---|---|
| Dewey Decimal Classification | 430_000000000000000 | Good Samaritan School Library | Good Samaritan School Library | ENGLISH DICTIONARY | 02/03/2017 | 430 | DER8430 | 02/03/2017 | 02/03/2017 | BOOK |